[Event "Barcelona La Lira op"]
[Site "Barcelona"]
[Date "1995.??.??"]
[Round "8"]
[White "Brugarolas Manzaneque, Carlos"]
[Black "Sanchez Carazo, Francesco Javier"]
[Result "1-0"]
[WhiteElo "2125"]
[BlackElo "2000"]
[PlyCount "107"]
[EventDate "1995.04.??"]
[EventType "swiss"]
[EventRounds "9"]
[EventCountry "ESP"]
[SourceTitle "EXT 2003"]
[Source "ChessBase"]
[SourceDate "2002.11.25"]
[SourceVersion "1"]
[SourceVersionDate "2002.11.25"]
[SourceQuality "1"]

1. e4 e5 2. Nf3 Nf6 3. Nxe5 d6 4. Nf3 Nxe4 5. d4 d5 6. Bd3 Nd6 7. 0-0 Be7 8. Re1 0-0 9. Bf4 Bg4 10. Nbd2 Nd7 11. c3 Bh5 12. Qb3 Nb6 13. Ne5 f6 14. Nef3 g5 15. Bxd6 Bxd6 16. Qc2 Qd7 17. Bf5 Qg7 18. b3 c6 19. Re6 Bc7 20. Rae1 Rae8 21. Nf1 Bf7 22. Re7 Na8 23. Ng3 Rxe7 24. Rxe7 g4 25. Nd2 Re8 26. Rxe8+ Bxe8 27. Be6+ Kf8 28. Ndf1 Bxg3 29. hxg3 Nc7 30. Bf5 Bg6 31. Ne3 Ne8 32. Nxg4 Nd6 33. Bxg6 hxg6 34. f3 Nf5 35. Kf2 Qe7 36. Qd3 Kg7 37. Ne3 Nxe3 38. Qxe3 Qd6 39. b4 Qd7 40. a4 a6 41. a5 Qf7 42. Qf4 Qd7 43. g4 Qe7 44. Qe3 Qf7 45. g5 f5 46. Qe5+ Kg8 47. g3 Kh7 48. Ke3 Kg8 49. Kf4 Qd7 50. Qf6 Kh7 51. Ke5 Qc7+ 52. Ke6 Qc8+ 53. Kf7 Qd7+ 54. Qe7 1-0

[Event "Barcelona La Lira op"]
[Site "Barcelona"]
[Date "1995.??.??"]
[Round "9"]
[White "Sanchez Carazo, Francesco Javier"]
[Black "Daude Puvill, Antonio"]
[Result "0-1"]
[WhiteElo "2000"]
[BlackElo "2165"]
[PlyCount "52"]
[EventDate "1995.04.??"]
[EventType "swiss"]
[EventRounds "9"]
[EventCountry "ESP"]
[SourceTitle "EXT 2003"]
[Source "ChessBase"]
[SourceDate "2002.11.25"]
[SourceVersion "1"]
[SourceVersionDate "2002.11.25"]
[SourceQuality "1"]

1. d4 Nf6 2. Bg5 Ne4 3. Bh4 g5 4. f3 gxh4 5. fxe4 e5 6. e3 Qg5 7. Qf3 Bh6 8. Kf2 d6 9. Nh3 Qg7 10. Qd1 Rg8 11. Nc3 Nc6 12. Nd5 Bg4 13. Qd3 0-0-0 14. c3 Rdf8 15. Ke1 f5 16. Rc1 fxe4 17. Qxe4 Bf5 18. Qxh4 Be6 19. Bc4 Kb8 20. Rc2 Na5 21. b3 Nxc4 22. bxc4 Bxd5 23. cxd5 Bxe3 24. g3 exd4 25. cxd4 Qg6 26. Rb2 Qd3 0-1

[Event "Barcelona La Lira op"]
[Site "Barcelona"]
[Date "1995.??.??"]
[Round "1"]
[White "Sanchez Carazo, Francesco Javier"]
[Black "Gea Cabrero, Jordi"]
[Result "1/2-1/2"]
[WhiteElo "2000"]
[BlackElo "2105"]
[PlyCount "37"]
[EventDate "1995.04.??"]
[EventType "swiss"]
[EventRounds "9"]
[EventCountry "ESP"]
[SourceTitle "EXT 2003"]
[Source "ChessBase"]
[SourceDate "2002.11.25"]
[SourceVersion "1"]
[SourceVersionDate "2002.11.25"]
[SourceQuality "1"]

1. e4 e5 2. Nf3 Nc6 3. Nc3 Nf6 4. Bb5 Nd4 5. Ba4 Bc5 6. 0-0 0-0 7. Nxe5 d6 8. Nc4 Ng4 9. h3 Qh4 10. Ne3 Ne5 11. f4 Ng6 12. f5 Ne5 13. Kh1 c6 14. Qe1 Qd8 15. Ne2 Nxe2 16. Qxe2 a5 17. c3 Nd7 18. d4 Ba7 19. Ng4 1/2-1/2

[Event "Barcelona La Lira op"]
[Site "Barcelona"]
[Date "1995.??.??"]
[Round "3"]
[White "Sanchez Carazo, Francesco Javier"]
[Black "Miralles Brugues, Jordi"]
[Result "1-0"]
[WhiteElo "2000"]
[BlackElo "2225"]
[PlyCount "55"]
[EventDate "1995.04.??"]
[EventType "swiss"]
[EventRounds "9"]
[EventCountry "ESP"]
[SourceTitle "EXT 2003"]
[Source "ChessBase"]
[SourceDate "2002.11.25"]
[SourceVersion "1"]
[SourceVersionDate "2002.11.25"]
[SourceQuality "1"]

1. d4 Nf6 2. Bg5 h6 3. Bxf6 gxf6 4. e3 d5 5. Qh5 Rg8 6. Be2 Rxg2 7. Nh3 Qd6 8. Nc3 Rxh2 9. 0-0-0 Bxh3 10. Rxh2 Qxh2 11. Bg4 e6 12. Bxe6 Kd8 13. Qxd5+ Qd6 14. Bxh3 Qxd5 15. Nxd5 Nd7 16. Bxd7 Kxd7 17. Nxf6+ Ke6 18. Nh5 Bd6 19. Rg1 c5 20. c3 Rh8 21. Kd2 c4 22. e4 b5 23. f4 a5 24. f5+ Ke7 25. e5 Bc7 26. Rg7 b4 27. Nf4 h5 28. Ng6+ 1-0